Siddhartha (novel) Quiz - Statistics

General Stats
  • This quiz has been taken 7 times
  • The average score is 6 of 10
Answer Stats
Hint Answer % Correct
priestly caste that Siddhartha is born into Brahmin
80%
Sublime One that Siddartha leaves the Samanas to see, who says to "beware of too much cleverness" Gautama | The Buddha
80%
author of Siddhartha Herman Hesse
80%
courtesan from whom Siddhartha learns the art of love Kamala
80%
friend that accompanies Siddhartha early on his journey and at the end Govinda
60%
forest ascetics that Siddartha joins Samanas
60%
entity that teaches Siddhartha the "song of a thousand voices" the river
60%
merchant who Siddhartha works for while learning love Kamaswami
40%
name of Siddhartha's son Siddhartha
40%
enlightened ferryman that Siddhartha lives with after leaving Kamala Vasudeva
40%
No matching quizzes found
Score Distribution
Percent of People with Each Score
Percentile by Number Answered
Your Score History
You have not taken this quiz